000 00690nam a22002297a 4500
003 UA-OsUOA
001 93489
007 ta
008 20130122b un ||||| |||| 00| 0 ukr d
090 _a821.161.2
_bД72
942 _cBK
040 _aUA-OsUOA
_bukr
_cUA-OsUOA
_dUA-OsUOA
245 _aДраматичні твори Д. Байрона, О. Пушкіна
_cперекл. та впоряд. Грязнова О. А.
300 _a298 с.
955 _a3
041 _aukr
080 _a821.161.2
020 _a978-966-432-027-3
260 _aК.
_bТОВ "Задруга"
_c2007
650 7 _a82 Література. Літературознавство
_2UDC
999 _c379732
_d379732